000 00320nam a2200133Ia 4500
008 240624s9999 xx 000 0 und d
041 _aeng
082 _a920 HAW
100 _aHAWKING STEPHEN
245 _aMY BRIEF HISTORY A MEMOIR
260 _c2013
_aNew Delhi
_bRandom House
300 _a144 : p.
365 _cRS
_b25
999 _c22163
_d22163